| 000 | 00654nam a22002297a 4500 | ||
|---|---|---|---|
| 003 | PILC | ||
| 005 | 20160204102156.0 | ||
| 008 | 121116t xxu||||| |||| 00| 0 eng d | ||
| 020 | _a9780060977498 | ||
| 050 |
_aPR 9499.3 _b.R59G63 1967 |
||
| 082 |
_aFIC _bR81g 1997 |
||
| 100 |
_aRoy, Arundhati _920190 |
||
| 245 |
_aThe god of small things : _cArundhati Roy _ba novel |
||
| 260 |
_aNew York : _bHarper Perennial, _cc1998. |
||
| 300 |
_a321 p. : _c20 cm. |
||
| 562 | _e1 | ||
| 650 |
_aSocial classes _xIndia _xFiction. _920191 |
||
| 650 |
_aTwins _xFiction. _920192 |
||
| 650 |
_aIndia _xFiction _920193 |
||
| 942 |
_2lcc _cBK |
||
| 999 |
_c11425 _d11425 |
||